00589nam a2200193 i 4500001000300000100002200003245009800025250001200123260006100135300003300196504001200229650003500241655002600276020001500302040000800317041000800325080002100333008004100354bg1 aMISZTAL, Mariusz.10aTests in English :bthematic vocabulary : intermediate and advanced level /cMariusz Misztal. aWyd. 6. aWarszawa :bWydawnictwa Szkolne i Pedagogiczne,c[2004]. a350, [1] s. :bil. ;c24 cm. aIndeks. 9aJęzyk angielskixsłownictwo aĆwiczenia i zadania a8302051802 cBPK0 aeng a811.111'373(076) s pl f |000 0 pol